000 00316 a2200145 4500
001 166133
020 _a
040 _cMagnum
100 _aKunz, Elenor
240 1 0 _aEducacao fisica: ensino e mudancas
_lpor
245 1 0 _aEducacao fisica: ensino e mudancas
362 0 _a1899
697 _aENSINO
942 _cBK
999 _c166133
_d166133